Why is it Famous? - Statistics

General Stats
  • This quiz has been taken 33 times
    18 since last reset
  • The average score is 10 of 15
Answer Stats
Question Answer % Correct
Gettysburg Battle
100%
Pisa Landmark
94%
Waterloo Battle
88%
Giza Landmark
88%
Verdun Battle
82%
Wuhan Disaster
82%
Nagasaki Disaster
82%
Chernobyl Disaster
82%
Dubai Landmark
82%
Toronto Landmark
65%
Wiltshire Landmark
47%
Paris Multiple answers
47%
Mogadishu Battle
29%
Valdivia Disaster
18%
Ma'an Landmark
18%
No matching quizzes found
Score Distribution
Percent of People with Each Score
Percentile by Number Answered
Your Score History
You have not taken this quiz since the last reset